• 首页
  • 本馆介绍
  • 公告通知
  • 最新文献
  • 馆藏检索
  • 电子资源
  • 读者导购
  • 参考咨询
  • 我的图书馆
  • 登录
  • 详细信息显示
  • 放入我的书架
  • 预约/预借图书
  • 作者相关作品
  • 分类相关作品
  • 丛书相关作品
  • 出版社相关作品

书目信息

  • 表格格式
  • 工作单格式
  • 卡片格式
题名:
运动解剖学图谱
    
 
作者: 顾德明 , 缪进昌 编著 ;丁誉声 , 丁山 绘图
分册:  
出版信息: 北京   人民体育出版社  2013
页数: 291页
开本: 21×30cm
丛书名:
单 册:
中图分类: G804.4-64 , G804.4-64
科图分类:
主题词: 运动解剖--解剖学--图谱 , 体育理论
电子资源:
ISBN: 978-7-5009-4381-5
000 01167nam0 2200325 450
001 1556927134
005 20150715154948.58
010    @a978-7-5009-4381-5@dCNY60.00
090    @aG804@bgdm
096    @aG804@bgdm
100    @a20131021d2013 em y0chiy50 ea
101 0  @achi
102    @aCN@b110000
105    @aa z 001yy
106    @ar
200 1  @a运动解剖学图谱@b专著@f顾德明,缪进昌著@g丁誉声,丁山绘图@Ayun dong jie pou xue tu pu
205    @a3版
210    @a北京@c人民体育出版社@d2013
215    @a291页@d21×30cm
330    @a本书主要描述人体运动的执行体系(运动器官系统)的骨、骨连接(关节)和肌肉(骨骼肌)的形态结构和机能,以关节为中心结合体育动作描述关节的运动,并对运动关节的肌肉机能进行具体的分析,提出锻炼主要肌肉的手段和方法。
606 0  @a运动解剖@x解剖学@j图谱
606 0  @a体育理论
690    @aG804.4-64@v5
690    @aG804.4-64@v4
701  0 @a顾德明@f(1936~)@4编著@Agu de ming
701  0 @a缪进昌@c(大学体育)@4编著@Amiao jin chang
702  0 @a丁誉声@4绘图@Ading yu sheng
702  0 @a丁山@4绘图@Ading shan
801  0 @aCN@b大连网信软件有限公司图书馆·11@c20150715
905    @aZUCC@dG804.4-64@et151
    
    运动解剖学图谱/顾德明,缪进昌著/丁誉声,丁山绘图.-3版 .-北京:人民体育出版社,2013
    291页;21×30cm
    
    
    ISBN 978-7-5009-4381-5:CNY60.00
    本书主要描述人体运动的执行体系(运动器官系统)的骨、骨连接(关节)和肌肉(骨骼肌)的形态结构和机能,以关节为中心结合体育动作描述关节的运动,并对运动关节的肌肉机能进行具体的分析,提出锻炼主要肌肉的手段和方法。
●
相关链接 在E读中查询图书 在五车中查询图书 在当当中查询图书 在豆瓣中查询图书


正题名:运动解剖学图谱     索取号:G804.4-64/t151         预约/预借

序号 登录号 条形码 馆藏地/架位号 状态 备注
1 6940209   269402096   密集书库-体育系/ [索取号:G804.4-64/t151] 在馆    
唐山师范学院图书馆 欢迎您!
大连网信软件有限公司© 版权所有